Normal view
MARC view
Entry Personal Name
001 - CONTROL NUMBER
- control field: 33359
003 - CONTROL NUMBER IDENTIFIER
- control field: ARRUPE
005 - DATE AND TIME OF LATEST TRANSACTION
- control field: 20170719105704.0
008 - FIXED-LENGTH DATA ELEMENTS
- fixed length control field: 170719|| aca||aabn | a|a d
040 ## - CATALOGING SOURCE
- Original cataloging agency: ARRUPE
- Transcribing agency: ARRUPE
100 ## - HEADING--PERSONAL NAME
- Personal name: Cutrofello, Andrew,
- Dates associated with a name: 1961-
670 ## - SOURCE DATA FOUND
- Source citation: Work cat.: (ARRUPE)4828: Cutrofello, Andrew, 1961-, Continental philosophy :, 2005.